| 000 | 00976cam a22002773a 4500 | ||
|---|---|---|---|
| 001 | 32454 | ||
| 003 | PGUSA | ||
| 005 | 20140828083713.0 | ||
| 008 | 100520s2010||||xxu|||||s|||||000 | eng d | ||
| 040 |
_aPGUSA _beng |
||
| 042 | _adc | ||
| 050 | 4 | _aF106 | |
| 100 | 1 |
_aMayer, Brantz, _d1809-1879 |
|
| 245 | 1 | 0 |
_aCalvert and Penn : _bOr the Growth of Civil and Religious Liberty in America, as Disclosed in the Planting of Maryland and Pennsylvania _h[electronic resource] / _cBrantz Mayer |
| 260 |
_bProject Gutenberg, _c2010 |
||
| 506 | _aPublic domain in the USA. | ||
| 516 | _aElectronic text | ||
| 653 | _aPenn, William, 1644-1718 | ||
| 653 | _aBaltimore, George Calvert, Baron, 1580?-1632 | ||
| 653 | _aMaryland -- History -- Colonial period, ca. 1600-1775 | ||
| 653 | _aToleration | ||
| 653 | _aPennsylvania -- History -- Colonial period, ca. 1600-1775 | ||
| 830 | 0 |
_aProject Gutenberg _v32454 |
|
| 856 | 4 | 0 | _uhttp://www.gutenberg.org/ebooks/32454 |
| 942 | _cEB | ||
| 999 |
_c261709 _d261709 |
||